000 00644nam a22002177a 4500
003 0
005 20251029154128.0
008 251029b xxu||||| |||| 00| 0 eng d
020 _a978-1-83659-714-8
050 _aP 90
_b.M58 2025
100 _aMitchell, Jeffrey,
_eauthor.
245 _aJournalism and mass communication /
_cJeffrey Mitchell.
260 _aLondon, UK :
_bED-Tech Press,
_c2025.
300 _avi, 252 pages ;
_c26 cm.
504 _aIncludes bibliographical references and index.
650 _aMass media.
650 _aCommunication.
650 _aJournalism.
650 _aMass media
_xSocial aspects.
942 _2lcc
_cBK
999 _c368413
_d368413